Lecciones de literatura preceptiva : sacadas del estudio analítico-intuitivo de selectos modelos clásicos e hispano-americanos: teoría y modelos /

Guardado en:
Bibliografiske detaljer
Hovedforfatter: Ruano, Jesús María (autor)
Format: Bog
Sprog:spansk
Udgivet: Bogotá, Colombia : Voluntad, 1965, c1965
Udgivelse:14a edición
Fag:
Tags: Tilføj Tag
Ingen Tags, Vær først til at tagge denne postø!

MARC

LEADER 00000nam^a2200000^a^4500
001 000156718
005 20250521000000.0
009 20260310100514.824
037 |a Acervo ITESO - Biblioteca 
041 |a ESP 
082 |a 809. 001  |b RUA 
100 |a Ruano, Jesús María  |e (autor) 
245 1 0 |a Lecciones de literatura preceptiva :  |b sacadas del estudio analítico-intuitivo de selectos modelos clásicos e hispano-americanos: teoría y modelos /  |c J.M. Ruano. 
250 |a 14a edición 
264 4 |a Bogotá, Colombia :  |b Voluntad,  |c 1965, c1965 
300 |a 496 p. 
336 |a texto  |b txt  |2 rdacontenido 
337 |a sin mediación  |b n  |2 rdamedio 
338 |a volumen  |b nc  |2 rdasoporte 
649 |a XX 
650 |a Estética 
650 |a Creación (Literaria, Artística, etc.) 
650 |a Poesía -  |x Historia y Crítica 
650 |a Poesía Epica -  |x Historia y Crítica 
650 |a Teatro -  |x Historia y Crítica 
650 |a Novela -  |x Historia y Crítica 
650 |a Cuentos -  |x Historia y Crítica 
650 |a Oratoria 
650 |a Periodismo Cultural 
650 |a Prensa 
650 |a Comunicación Escrita 
650 |a Medios de Comunicación 
650 |a Comunicación Masiva 
650 |a Metáfora 
650 |a Lingüística 
650 |a Literatura -  |x Historia y Crítica -  |x Metodología 
650 |a Literatura -  |x Estudio y Enseñanza 
910 |a Fondo Salvador Reynoso Reynoso 
920 |a Impresos - Libros 
930 |a Fondos Especiales 
940 |a Literatura 
905 |a 112 
901 |a 0800016289  |b IT2  |c ESP  |u 20250521 
902 |a https://opac.biblio.iteso.mx/vufind/Record/000156718